000 00445nam a2200205Ia 4500
001 13077
003 GE_BSU
008 181216s||||||||xx |||||||||||||| ||und||
020 _a9780747254584
040 _cGE_BSU
080 _a821.111-3
100 _aLescroart,John.
245 4 _aThe mercy rule.
260 _aLondon.
260 _bHeadline Feature.
260 _c1988
300 _a466p;17cm.
653 _aThe mercy rule.
942 _cBK
999 _c46244
_d46244